Persona giuridica e soggettivita: per una definizione del concetto di persona nel rapporto con la titolarita delle situazioni soggettive

Guardat en:
Dades bibliogràfiques
Autor principal: Zatti, Paolo (Autor)
Format: Llibre
Idioma:italià
Publicat: Padua CEDAM 1975
Col·lecció:Pubblicazioni della Facoltá di Giurisprudenza dell'Universita di Padova, 74
Matèries:
Etiquetes: Afegir etiqueta
Sense etiquetes, Sigues el primer a etiquetar aquest registre!

MARC

LEADER 00000nam a2200000 a 4500
001 UCV2279
003 CL-VaPUC
008 920421e19750000IT |||||||||||||||||ita|d
082 0 4 |a 346  |b ZAT  |2 21 
100 0 |a Zatti, Paolo  |e author  |9 296555 
245 1 0 |a Persona giuridica e soggettivita: per una definizione del concetto di persona nel rapporto con la titolarita delle situazioni soggettive 
300 |a 408 p 
942 |c BK 
945 |d 19920421 00:00:00 
260 |a Padua  |b CEDAM  |c 1975 
650 0 |a Personas jurídicas  |9 257259 
650 7 |a PERSONAS DERECHO  |2 CL-VaPUC  |9 256706 
583 |a last modification  |c 19920421 00:00:00  |k Rodrigo Vera 
490 0 |a Pubblicazioni della Facoltá di Giurisprudenza dell'Universita di Padova, 74 
999 |c 209920  |d 209918 
952 |0 0  |1 0  |4 0  |6 346_000000000000000_ZAT_1975  |7 0  |8 DER_TF  |9 185811  |a BIBDER  |b BIBDER  |d 2019-11-14  |i 2532409  |o 346 ZAT 1975  |p 2532409  |r 2023-01-25  |w 2019-11-14  |x Ubicación 4to Piso  |y BK  |z Estos recursos deben solicitarse con anticipación  |k DER